[Event "IECG CP.2003.P.00035 email"]
[Site "IECG email"]
[Date "2003.10.01"]
[Round "?"]
[White "Shutov, Andry"]
[Black "Zganjar, Franc"]
[Result "1-0"]
[WhiteElo "1744"]
[BlackElo "800"]
[PlyCount "23"]
[EventDate "2003.10.01"]
[EventType "tourn (corr)"]
[EventRounds "6"]
[EventCountry "FRA"]
[SourceTitle "Corr 2024"]
[Source "ChessBase"]
[SourceDate "2023.10.19"]
[SourceVersion "1"]
[SourceVersionDate "2023.10.19"]
[SourceQuality "1"]

1. e4 c5 2. c3 Nf6 3. e5 Nd5 4. Nf3 Nc6 5. Bc4 Nb6 6. Bb3 d6 7. e6 Bxe6 8. Bxe6 fxe6 9. Ng5 Qd7 10. 0-0 e5 11. Qf3 0-0-0 12. Nf7 1-0